| Tag |
First Indicator |
Second Indicator |
Subfields |
| LEADER |
00000cam a2200000 4500 |
| 001 |
in00000093914 |
| 005 |
20150927070231.0 |
| 008 |
701016s1969 enka b 00010 eng |
| 010 |
|
|
|a 70499817
|
| 015 |
|
|
|a B69-19524
|
| 035 |
|
|
|a (OCoLC)00112371
|
| 035 |
|
|
|9 AAL5767AM
|
| 037 |
|
|
|c 15/-
|
| 040 |
|
|
|a DLC
|c DLC
|d TXA
|d UtOrBLW
|
| 049 |
|
|
|a TXAM
|c [1201514]
|
| 050 |
0 |
0 |
|a TL526.G7
|b A4 no. 3580
|
| 082 |
0 |
|
|a 629.13/008 s
|
| 100 |
1 |
|
|a Wells, Alan.
|
| 245 |
1 |
0 |
|a Numerical calculations of the properties of axially symmetric arc columns /
|c by A. Wells.
|
| 264 |
|
1 |
|a London :
|b H.M.S.O.,
|c 1969.
|
| 300 |
|
|
|a 1 unnumbered page, 31 pages :
|b illustrations ;
|c 28 cm.
|
| 336 |
|
|
|a text
|b txt
|2 rdacontent
|
| 337 |
|
|
|a unmediated
|b n
|2 rdamedia
|
| 338 |
|
|
|a volume
|b nc
|2 rdacarrier
|
| 490 |
1 |
|
|a Aeronautical Research Council. Reports and memoranda, no. 3580
|
| 500 |
|
|
|a Cover title.
|
| 504 |
|
|
|a Bibliography: pages 13-14.
|
| 650 |
|
0 |
|a Electric discharges through gases.
|
| 650 |
|
0 |
|a Plasma (Ionized gases)
|
| 650 |
|
0 |
|a Electric arc.
|
| 830 |
|
0 |
|a Reports and memoranda (Aeronautical Research Council (Great Britain)) ;
|v no. 3580.
|
| 999 |
|
|
|a MARS
|
| 999 |
f |
f |
|s 99d48b4f-51f2-3b88-b966-66908ff2c374
|i ed5a83b4-dc93-32f8-9d2d-d2d0d5eb465a
|t 0
|
| 952 |
f |
f |
|p ric
|a Texas A&M University
|b Rellis Campus
|c Joint Library Facility
|d Remote Storage
|t 0
|e TL526.G7 A4 no. 3580
|h Library of Congress classification
|i unmediated -- volume
|m A14805538152
|
| 998 |
f |
f |
|a TL526.G7 A4 no. 3580
|t 0
|l Remote Storage
|